[Event "Liga Madrileña - DH 2018-2019"]
[Site "Madrid ESP"]
[Date "2019.02.24"]
[Round "11.2"]
[White "Moreno Ibañez, Miguel"]
[Black "Fernandez Blazquez, Diego"]
[Result "1-0"]
[WhiteElo "2275"]
[BlackElo "2248"]
[PlyCount "69"]
[EventDate "2018.11.18"]
[EventType "team-tourn"]
[EventRounds "14"]
[EventCountry "ESP"]
[SourceTitle "Ajedrez en Madrid"]
[Source "lmi"]
[SourceDate "2018.11.18"]
[SourceVersion "1"]
[SourceVersionDate "2019.04.02"]
[SourceQuality "1"]
[WhiteTeam "Liberty Chess"]
[BlackTeam "San Fernando de Henares"]
[WhiteTeamCountry "ESP"]
[BlackTeamCountry "ESP"]

1. e4 c5 2. Nf3 d6 3. d4 cxd4 4. Nxd4 Nf6 5. Nc3 g6 6. Be3 Bg7 7. f3 O-O 8. Qd2
Nc6 9. O-O-O d5 10. exd5 Nxd5 11. Nxc6 bxc6 12. Bd4 Bxd4 13. Qxd4 Qb6 14. Na4
Qa5 15. b3 Be6 16. Qc5 Qc7 17. Rd4 Rfd8 18. Ba6 Nb6 19. Rxd8+ Rxd8 20. Nc3 Qf4+
21. Kb2 Bf5 22. Rd1 Rxd1 23. Nxd1 Nd5 24. Bc4 Qe5+ 25. Ka3 Qxh2 26. Qxc6 Nf6
27. Ne3 Bd7 28. Qa8+ Kg7 29. Qxa7 Qe5 30. Kb4 Qd6+ 31. Kc3 e5 32. b4 e4 33. Qd4
Qg3 34. Nd5 Qe1+ 35. Kb2 1-0

[Event "Liga Madrileña - DH 2018-2019"]
[Site "Madrid ESP"]
[Date "2019.02.24"]
[Round "11.3"]
[White "Jimenez Lopez, Antonio"]
[Black "Perez Gonzalez, Jose Manuel"]
[Result "1/2-1/2"]
[WhiteElo "2202"]
[BlackElo "2231"]
[PlyCount "71"]
[EventDate "2018.11.18"]
[EventType "team-tourn"]
[EventRounds "14"]
[EventCountry "ESP"]
[SourceTitle "Ajedrez en Madrid"]
[Source "lmi"]
[SourceDate "2018.11.18"]
[SourceVersion "1"]
[SourceVersionDate "2019.04.02"]
[SourceQuality "1"]
[WhiteTeam "San Fernando de Henares"]
[BlackTeam "Liberty Chess"]
[WhiteTeamCountry "ESP"]
[BlackTeamCountry "ESP"]

1. e4 d6 2. d4 Nf6 3. Nc3 g6 4. f3 c6 5. Be3 Qb6 6. Qd2 Qxb2 7. Rb1 Qa3 8. g4
Bg7 9. Nge2 h5 10. g5 Nfd7 11. h4 Nb6 12. Ng3 d5 13. f4 dxe4 14. Ncxe4 Qxa2 15.
Qc1 Qd5 16. Bg2 Qd8 17. O-O Nd5 18. c3 e6 19. Bf2 b5 20. f5 exf5 21. Nf6+ Nxf6
22. gxf6 Bxf6 23. d5 cxd5 24. Rxb5 Be6 25. c4 O-O 26. cxd5 Bc8 27. Rb3 Nd7 28.
Nxh5 Ne5 29. Nxf6+ Qxf6 30. Qa1 Ng4 31. Bd4 Qd6 32. Rc1 Bd7 33. h5 Rac8 34. Rh3
g5 35. h6 Kh7 36. Bc5 1/2-1/2

[Event "Liga Madrileña - DH 2018-2019"]
[Site "Madrid ESP"]
[Date "2019.02.24"]
[Round "11.4"]
[White "Paredes Sanchez, Juan Antonio"]
[Black "Bustos Bernardo, Samuel"]
[Result "1-0"]
[WhiteElo "2147"]
[BlackElo "2148"]
[PlyCount "123"]
[EventDate "2018.11.18"]
[EventType "team-tourn"]
[EventRounds "14"]
[EventCountry "ESP"]
[SourceTitle "Ajedrez en Madrid"]
[Source "lmi"]
[SourceDate "2018.11.18"]
[SourceVersion "1"]
[SourceVersionDate "2019.04.02"]
[SourceQuality "1"]
[WhiteTeam "Liberty Chess"]
[BlackTeam "San Fernando de Henares"]
[WhiteTeamCountry "ESP"]
[BlackTeamCountry "ESP"]

1. e4 c5 2. Nc3 d6 3. d4 cxd4 4. Qxd4 Nc6 5. Qd2 Nf6 6. b3 g6 7. Bb2 Bg7 8.
O-O-O O-O 9. f3 Qa5 10. Kb1 Rd8 11. g4 Be6 12. g5 Nh5 13. Nge2 Rac8 14. a3 b5
15. Nd5 Qxd2 16. Rxd2 a6 17. Ng3 Bxb2 18. Kxb2 Ng7 19. h4 Bxd5 20. exd5 Ne5 21.
f4 Nd7 22. h5 gxh5 23. Nxh5 Rc7 24. Ng3 Rdc8 25. Bh3 Rb8 26. Bxd7 Rxd7 27. Rdh2
h5 28. Nxh5 Nxh5 29. Rxh5 Kg7 30. Rh7+ Kg6 31. R1h6+ Kf5 32. Rxf7+ Kg4 33. g6
Rc7 34. Rh2 Kg3 35. Re2 Kf3 36. Rfxe7 Rxe7 37. Rxe7 Kxf4 38. g7 Kg5 39. Rd7 Kf6
40. Rxd6+ Kxg7 41. Rxa6 Kf7 42. Kc3 Ke7 43. Kb4 Rc8 44. Rc6 Ra8 45. Rc5 Kd6 46.
Rxb5 Rh8 47. c4 Rh4 48. a4 Kc7 49. a5 Rh1 50. Rb6 Rh3 51. Rg6 Kb7 52. Ka4 Rh4
53. Kb5 Rh7 54. b4 Rf7 55. c5 Rh7 56. c6+ Ka7 57. Kc5 Rf7 58. b5 Rh7 59. b6+
Ka6 60. c7 Rh8 61. Kc6 Kxa5 62. b7 1-0

[Event "Liga Madrileña - DH 2018-2019"]
[Site "Madrid ESP"]
[Date "2019.02.24"]
[Round "11.5"]
[White "De la Orden Alcocer, Alejandro"]
[Black "Fernandez Garcia, Miguel Angel"]
[Result "0-1"]
[WhiteElo "1962"]
[BlackElo "2298"]
[PlyCount "68"]
[EventDate "2018.11.18"]
[EventType "team-tourn"]
[EventRounds "14"]
[EventCountry "ESP"]
[SourceTitle "Ajedrez en Madrid"]
[Source "lmi"]
[SourceDate "2018.11.18"]
[SourceVersion "1"]
[SourceVersionDate "2019.04.02"]
[SourceQuality "1"]
[WhiteTeam "San Fernando de Henares"]
[BlackTeam "Liberty Chess"]
[WhiteTeamCountry "ESP"]
[BlackTeamCountry "ESP"]

1. Nf3 Nf6 2. c4 c5 3. Nc3 g6 4. g3 Bg7 5. Bg2 Nc6 6. O-O d6 7. d3 O-O 8. Rb1
e5 9. Ne1 Nh5 10. Nd5 Be6 11. Nc2 Rc8 12. b4 b6 13. b5 Ne7 14. Nce3 f5 15.
Nxe7+ Qxe7 16. Nd5 Qd7 17. e3 Nf6 18. Nxf6+ Bxf6 19. Qa4 a5 20. Bb2 f4 21. exf4
exf4 22. f3 Bf5 23. Qc2 Bxb2 24. Rxb2 Rce8 25. g4 Be6 26. Re1 Bxg4 27. Rxe8
Qxe8 28. fxg4 f3 29. Bf1 f2+ 30. Kg2 Qa8+ 31. Kg3 Qf3+ 32. Kh4 g5+ 33. Kh5 Qf7+
34. Kxg5 Qf4+ 0-1

[Event "Liga Madrileña - DH 2018-2019"]
[Site "Madrid ESP"]
[Date "2019.02.24"]
[Round "11.6"]
[White "Suarez Triguero, Jose Alfonso"]
[Black "Ramos Orea, Tomas"]
[Result "1-0"]
[WhiteElo "2041"]
[BlackElo "1656"]
[PlyCount "65"]
[EventDate "2018.11.18"]
[EventType "team-tourn"]
[EventRounds "14"]
[EventCountry "ESP"]
[SourceTitle "Ajedrez en Madrid"]
[Source "lmi"]
[SourceDate "2018.11.18"]
[SourceVersion "1"]
[SourceVersionDate "2019.04.02"]
[SourceQuality "1"]
[WhiteTeam "Liberty Chess"]
[BlackTeam "San Fernando de Henares"]
[WhiteTeamCountry "ESP"]
[BlackTeamCountry "ESP"]

1. e4 e5 2. Bc4 Nc6 3. Nf3 d6 4. Nc3 Na5 5. Be2 Nf6 6. d4 exd4 7. Nxd4 Nc6 8.
O-O Be7 9. Bf4 O-O 10. Nxc6 bxc6 11. e5 Ne8 12. Qd2 d5 13. Rfd1 g5 14. Be3 Ng7
15. Na4 f5 16. exf6 Bxf6 17. c4 Be6 18. Nc5 Bf7 19. Bd4 Bxd4 20. Qxd4 Re8 21.
Bf1 Ne6 22. Nxe6 Bxe6 23. cxd5 Bxd5 24. Bc4 Qe7 25. Bxd5+ cxd5 26. Qxd5+ Kg7
27. Qd4+ Kh6 28. Rac1 Rad8 29. Rc6+ Rd6 30. Rxd6+ cxd6 31. Qxd6+ Kh5 32. Qxe7
Rxe7 33. Kf1 1-0

[Event "Liga Madrileña - DH 2018-2019"]
[Site "Madrid ESP"]
[Date "2019.02.24"]
[Round "11.1"]
[White "Reyes Larena, Juan"]
[Black "Bolado Saez, Sergio"]
[Result "1/2-1/2"]
[WhiteElo "2451"]
[BlackElo "2360"]
[PlyCount "136"]
[EventDate "2018.11.18"]
[EventType "team-tourn"]
[EventRounds "14"]
[EventCountry "ESP"]
[SourceTitle "Ajedrez en Madrid"]
[Source "lmi"]
[SourceDate "2018.11.18"]
[SourceVersion "1"]
[SourceVersionDate "2019.04.02"]
[SourceQuality "1"]
[WhiteTeam "San Sebastian de los Reyes"]
[BlackTeam "Blanco y Negro"]
[WhiteTeamCountry "ESP"]
[BlackTeamCountry "ESP"]

1. e4 c5 2. g3 d6 3. Bg2 Nf6 4. Ne2 g6 5. c3 Bg7 6. d4 O-O 7. O-O Nbd7 8. h3 e5
9. dxc5 Nxc5 10. Bg5 h6 11. Bxf6 Bxf6 12. Na3 Be7 13. b4 Ne6 14. Qd2 Kg7 15.
Nc4 b6 16. Ne3 h5 17. h4 Re8 18. Rfd1 Bd7 19. c4 a5 20. a3 Bf8 21. Nd5 Ba4 22.
Rdb1 Bc6 23. f4 axb4 24. axb4 Bxd5 25. cxd5 Nc7 26. Rxa8 Qxa8 27. f5 Be7 28.
fxg6 fxg6 29. Rc1 Nb5 30. Qd3 Qa4 31. Bh3 Rd8 32. Kg2 Bf6 33. Rf1 Nc7 34. Qc4
Qa7 35. Rc1 Ne8 36. Rc2 g5 37. Ra2 Qe7 38. hxg5 Bxg5 39. Qd3 Nf6 40. Nc3 Kh6
41. Nb5 Rg8 42. Ra7 Qf8 43. Be6 Rg7 44. Rxg7 Kxg7 45. Bf5 Qe7 46. Qe2 Kh6 47.
Qc2 Ne8 48. Qc8 Kg7 49. Bd7 Nf6 50. Be6 Ne8 51. Qc3 Kh6 52. Kh3 Ng7 53. Qc8 Qf6
54. Kg2 Be3 55. Bf5 Nxf5 56. Qxf5 Qxf5 57. exf5 Bd2 58. Nxd6 Bxb4 59. Ne4 Kg7
60. Kf3 Kf7 61. Ke2 Ke7 62. Kd3 b5 63. Kc2 Ba5 64. Kb3 Be1 65. Kc2 Ba5 66. Kd3
Bb4 67. Ke2 Ba3 68. Nc3 Kf6 1/2-1/2

[Event "Liga Madrileña - DH 2018-2019"]
[Site "Madrid ESP"]
[Date "2019.02.24"]
[Round "11.2"]
[White "Alarcia Astiz, Carlos"]
[Black "Quevedo Marin, Manuel"]
[Result "1/2-1/2"]
[WhiteElo "2299"]
[BlackElo "2188"]
[PlyCount "106"]
[EventDate "2018.11.18"]
[EventType "team-tourn"]
[EventRounds "14"]
[EventCountry "ESP"]
[SourceTitle "Ajedrez en Madrid"]
[Source "lmi"]
[SourceDate "2018.11.18"]
[SourceVersion "1"]
[SourceVersionDate "2019.04.02"]
[SourceQuality "1"]
[WhiteTeam "Blanco y Negro"]
[BlackTeam "San Sebastian de los Reyes"]
[WhiteTeamCountry "ESP"]
[BlackTeamCountry "ESP"]

1. e4 e5 2. Nf3 Nc6 3. Bc4 Nf6 4. d3 Bc5 5. O-O O-O 6. c3 d5 7. exd5 Nxd5 8. b4
Be7 9. Re1 Bf6 10. b5 Na5 11. Bxd5 Qxd5 12. Qa4 b6 13. Qe4 Rd8 14. Qxd5 Rxd5
15. d4 Rxb5 16. dxe5 Be7 17. Nd4 Rd5 18. f4 Bc5 19. Be3 Nc4 20. Bf2 Nb2 21. Be3
Nc4 22. Bf2 Bb7 23. Re2 Ba6 24. g3 Rad8 25. Nd2 Nb2 26. Re4 Nd3 27. N2b3 Nxf2
28. Kxf2 Bf8 29. Nc6 Ra8 30. Nb4 Bxb4 31. cxb4 Rad8 32. Rc1 R8d7 33. Re3 Bb5
34. Rec3 c6 35. R1c2 g6 36. Ke3 h5 37. Rd2 Rxd2 38. Nxd2 Kf8 39. Nc4 Rd1 40.
Nd6 Re1+ 41. Kf3 Rf1+ 42. Kg2 Ra1 43. a3 Ra2+ 44. Kf3 Rxh2 45. Nxb5 cxb5 46.
Rc8+ Ke7 47. Rc7+ Ke6 48. Rxa7 Ra2 49. Ra6 Kf5 50. Ra7 Ke6 51. Ke4 Re2+ 52. Kf3
Ra2 53. Ke4 Re2+ 1/2-1/2

[Event "Liga Madrileña - DH 2018-2019"]
[Site "Madrid ESP"]
[Date "2019.02.24"]
[Round "11.3"]
[White "Olazagoitia Rodriguez, Jose Luis"]
[Black "Shen, Yue"]
[Result "1/2-1/2"]
[WhiteElo "2193"]
[BlackElo "2272"]
[PlyCount "49"]
[EventDate "2018.11.18"]
[EventType "team-tourn"]
[EventRounds "14"]
[EventCountry "ESP"]
[SourceTitle "Ajedrez en Madrid"]
[Source "lmi"]
[SourceDate "2018.11.18"]
[SourceVersion "1"]
[SourceVersionDate "2019.04.02"]
[SourceQuality "1"]
[WhiteTeam "San Sebastian de los Reyes"]
[BlackTeam "Blanco y Negro"]
[WhiteTeamCountry "ESP"]
[BlackTeamCountry "ESP"]

1. e4 c6 2. d4 d5 3. exd5 cxd5 4. Bd3 Nc6 5. c3 Qc7 6. Qb3 Nf6 7. Bg5 Na5 8.
Qc2 Bd7 9. Nf3 e6 10. O-O b5 11. a3 Be7 12. Nbd2 h6 13. Bh4 Nc4 14. Rae1 a5 15.
Ne5 Nxd2 16. Qxd2 b4 17. axb4 axb4 18. c4 dxc4 19. Bxc4 O-O 20. b3 Rab8 21. Re3
Bb5 22. Bxf6 Bxf6 23. Qxb4 Bxc4 24. Qxc4 Qd6 25. Re4 1/2-1/2

[Event "Liga Madrileña - DH 2018-2019"]
[Site "Madrid ESP"]
[Date "2019.02.24"]
[Round "11.4"]
[White "Renteria Becerra, Jorge Elicer"]
[Black "Alfaya Marcelo, Roberto"]
[Result "1-0"]
[WhiteElo "2229"]
[BlackElo "2145"]
[PlyCount "117"]
[EventDate "2018.11.18"]
[EventType "team-tourn"]
[EventRounds "14"]
[EventCountry "ESP"]
[SourceTitle "Ajedrez en Madrid"]
[Source "lmi"]
[SourceDate "2018.11.18"]
[SourceVersion "1"]
[SourceVersionDate "2019.04.02"]
[SourceQuality "1"]
[WhiteTeam "Blanco y Negro"]
[BlackTeam "San Sebastian de los Reyes"]
[WhiteTeamCountry "ESP"]
[BlackTeamCountry "ESP"]

1. e4 c5 2. Nf3 d6 3. d4 cxd4 4. Nxd4 Nf6 5. Nc3 a6 6. g3 e5 7. Nde2 Be7 8. Bg5
O-O 9. Bxf6 Bxf6 10. Bg2 b5 11. Nd5 Nc6 12. O-O g6 13. Nxf6+ Qxf6 14. Nc3 Ne7
15. a4 b4 16. Nd5 Nxd5 17. Qxd5 Rb8 18. Rad1 Rd8 19. Rd2 Be6 20. Qa5 Rdc8 21.
Rxd6 Rxc2 22. Bh3 Rxb2 23. Qxa6 Qf3 24. Rxe6 Qxe4 25. Qd6 Rf8 26. Rxe5 Qc2 27.
a5 b3 28. Qc5 Qd2 29. Qe3 Qb4 30. Qb6 Qc4 31. Rc5 Qd4 32. Qb5 Qd2 33. a6 Ra2
34. Qxb3 Rxa6 35. Rc8 Rxc8 36. Bxc8 Rf6 37. Bh3 h5 38. Qe3 Qb4 39. Rc1 Kg7 40.
Rc8 Qb1+ 41. Bf1 Qb2 42. h4 Rf5 43. Qc3+ Qxc3 44. Rxc3 Ra5 45. Rc7 Rf5 46. Bc4
Rf3 47. Kg2 Rf6 48. f4 Kf8 49. Kf3 Ke8 50. Ke4 Rf5 51. Bd3 Ra5 52. Kd4 Ra3 53.
Bc4 Rxg3 54. Bxf7+ Kd8 55. Ra7 Rg4 56. Ke5 Kc8 57. Be6+ Kb8 58. Bxg4 Kxa7 59.
Bxh5 1-0

[Event "Liga Madrileña - DH 2018-2019"]
[Site "Madrid ESP"]
[Date "2019.02.24"]
[Round "11.5"]
[White "Hernandez Ramos, David"]
[Black "Beltran de Heredia Eguiaz, Miguel Angel"]
[Result "1-0"]
[WhiteElo "2071"]
[BlackElo "2230"]
[PlyCount "39"]
[EventDate "2018.11.18"]
[EventType "team-tourn"]
[EventRounds "14"]
[EventCountry "ESP"]
[SourceTitle "Ajedrez en Madrid"]
[Source "lmi"]
[SourceDate "2018.11.18"]
[SourceVersion "1"]
[SourceVersionDate "2019.04.02"]
[SourceQuality "1"]
[WhiteTeam "San Sebastian de los Reyes"]
[BlackTeam "Blanco y Negro"]
[WhiteTeamCountry "ESP"]
[BlackTeamCountry "ESP"]

1. d4 Nf6 2. c4 e6 3. Nc3 c5 4. d5 exd5 5. cxd5 Bd6 6. e4 O-O 7. Bd3 Re8 8.
Nge2 Bc7 9. Ng3 d6 10. O-O Nbd7 11. f4 c4 12. Bxc4 Bb6+ 13. Kh1 Nc5 14. Qc2 Ng4
15. h3 Qh4 16. Rf3 Bf5 17. Nxf5 Qe1+ 18. Rf1 Nxe4 19. Nxe4 Rxe4 20. hxg4 1-0

[Event "Liga Madrileña - DH 2018-2019"]
[Site "Madrid ESP"]
[Date "2019.02.24"]
[Round "11.6"]
[White "Marquez Leon, Juan Antonio"]
[Black "Anton Veiga, Juan Carlos"]
[Result "1/2-1/2"]
[WhiteElo "1795"]
[BlackElo "2083"]
[PlyCount "37"]
[EventDate "2018.11.18"]
[EventType "team-tourn"]
[EventRounds "14"]
[EventCountry "ESP"]
[SourceTitle "Ajedrez en Madrid"]
[Source "lmi"]
[SourceDate "2018.11.18"]
[SourceVersion "1"]
[SourceVersionDate "2019.04.02"]
[SourceQuality "1"]
[WhiteTeam "Blanco y Negro"]
[BlackTeam "San Sebastian de los Reyes"]
[WhiteTeamCountry "ESP"]
[BlackTeamCountry "ESP"]

1. d4 f5 2. Nf3 Nf6 3. g3 g6 4. Bg2 Bg7 5. c3 O-O 6. Bf4 e6 7. Qc1 Re8 8. Bh6
Nc6 9. Bxg7 Kxg7 10. O-O e5 11. Nxe5 Nxe5 12. dxe5 Rxe5 13. e3 d6 14. Nd2 Qe8
15. Rd1 Rb8 16. Nf3 Re7 17. Qc2 Bd7 18. Nd4 Ne4 19. Rac1 1/2-1/2

[Event "Liga Madrileña - DH 2018-2019"]
[Site "Madrid ESP"]
[Date "2019.02.24"]
[Round "11.1"]
[White "Espinosa Aranda, Angel"]
[Black "Vallejo Diaz, Javier"]
[Result "1-0"]
[WhiteElo "2475"]
[BlackElo "2371"]
[PlyCount "77"]
[EventDate "2018.11.18"]
[EventType "team-tourn"]
[EventRounds "14"]
[EventCountry "ESP"]
[SourceTitle "Ajedrez en Madrid"]
[Source "lmi"]
[SourceDate "2018.11.18"]
[SourceVersion "1"]
[SourceVersionDate "2019.04.02"]
[SourceQuality "1"]
[WhiteTeam "Virgen de Atocha"]
[BlackTeam "Alcorcon"]
[WhiteTeamCountry "ESP"]
[BlackTeamCountry "ESP"]

1. e4 c6 2. d4 d5 3. e5 g6 4. c4 Bg7 5. Nc3 Nh6 6. h3 O-O 7. Nf3 Na6 8. cxd5
cxd5 9. Bxa6 bxa6 10. Qb3 e6 11. Bg5 Qa5 12. Bd2 Qb6 13. Na4 Qxb3 14. axb3 Rb8
15. Nc5 Nf5 16. O-O Rb6 17. Bc3 f6 18. Rfe1 Re8 19. Re2 fxe5 20. Nxe5 Bxe5 21.
Rxe5 Rf8 22. Rae1 Ng7 23. g3 Rf5 24. R5e3 Rf8 25. Kg2 g5 26. g4 Rc6 27. Re5 h6
28. R5e3 Rf6 29. Rf3 Ne8 30. Rxf6 Nxf6 31. f3 Kf7 32. Kg3 Nd7 33. Nd3 Rb6 34.
b4 Kf6 35. Rh1 Kg7 36. h4 Nf6 37. hxg5 hxg5 38. Bd2 Nh7 39. Rc1 1-0

[Event "Liga Madrileña - DH 2018-2019"]
[Site "Madrid ESP"]
[Date "2019.02.24"]
[Round "11.2"]
[White "Vallejo Diaz, Jesus"]
[Black "Almagro Llamas, Pablo"]
[Result "0-1"]
[WhiteElo "2204"]
[BlackElo "2452"]
[PlyCount "64"]
[EventDate "2018.11.18"]
[EventType "team-tourn"]
[EventRounds "14"]
[EventCountry "ESP"]
[SourceTitle "Ajedrez en Madrid"]
[Source "lmi"]
[SourceDate "2018.11.18"]
[SourceVersion "1"]
[SourceVersionDate "2019.04.02"]
[SourceQuality "1"]
[WhiteTeam "Alcorcon"]
[BlackTeam "Virgen de Atocha"]
[WhiteTeamCountry "ESP"]
[BlackTeamCountry "ESP"]

1. c4 e5 2. Nc3 Nc6 3. g3 Bc5 4. Bg2 d6 5. Na4 Nge7 6. Nxc5 dxc5 7. d3 O-O 8.
Nf3 f6 9. b3 Be6 10. Bb2 Qd7 11. O-O Bh3 12. Ne1 Rad8 13. Bc3 Bxg2 14. Nxg2 Qh3
15. f3 f5 16. Qe1 f4 17. gxf4 Rd6 18. Rf2 Rh6 19. Ne3 exf4 20. Rg2 Nd4 21. Ng4
Rg6 22. Bxd4 cxd4 23. Qf1 Qh5 24. Nf2 Rff6 25. Rg4 Rh6 26. Qg2 Rfg6 27. Kh1 Qe5
28. Rxg6 Rxg6 29. Ng4 Qe6 30. Qf1 Nf5 31. Nf2 Rh6 32. Ne4 Ng3+ 0-1

[Event "Liga Madrileña - DH 2018-2019"]
[Site "Madrid ESP"]
[Date "2019.02.24"]
[Round "11.3"]
[White "Plazuelo Pascual, Juan"]
[Black "Martinez Belen, Alejandro"]
[Result "1-0"]
[WhiteElo "2422"]
[BlackElo "1808"]
[PlyCount "67"]
[EventDate "2018.11.18"]
[EventType "team-tourn"]
[EventRounds "14"]
[EventCountry "ESP"]
[SourceTitle "Ajedrez en Madrid"]
[Source "lmi"]
[SourceDate "2018.11.18"]
[SourceVersion "1"]
[SourceVersionDate "2019.04.02"]
[SourceQuality "1"]
[WhiteTeam "Virgen de Atocha"]
[BlackTeam "Alcorcon"]
[WhiteTeamCountry "ESP"]
[BlackTeamCountry "ESP"]

1. e4 d5 2. exd5 Qxd5 3. Nc3 Qa5 4. d4 Nf6 5. a3 c6 6. Bd3 Bg4 7. Nge2 e6 8.
O-O Bd6 9. f3 Bh5 10. Qe1 Qc7 11. Qh4 Rg8 12. Ne4 Nxe4 13. fxe4 Bg6 14. e5 Be7
15. Qh3 Nd7 16. Nf4 O-O-O 17. Nxg6 hxg6 18. Rxf7 Nf8 19. Bg5 Rd7 20. Bxe7 Rxe7
21. Rxe7 Qxe7 22. Rf1 c5 23. d5 c4 24. Be4 Qc5+ 25. Kh1 Kb8 26. Qh4 Nd7 27.
dxe6 Nxe5 28. Rd1 a6 29. Rd8+ Rxd8 30. Qxd8+ Ka7 31. Qd5 Qc7 32. Qxb7+ Qxb7 33.
Bxb7 Ng4 34. e7 1-0

[Event "Liga Madrileña - DH 2018-2019"]
[Site "Madrid ESP"]
[Date "2019.02.24"]
[Round "11.4"]
[White "Navarro Gonzalez, Jaime"]
[Black "Cabrera Trujillo, Jorge Juan"]
[Result "0-1"]
[WhiteElo "1710"]
[BlackElo "2322"]
[PlyCount "58"]
[EventDate "2018.11.18"]
[EventType "team-tourn"]
[EventRounds "14"]
[EventCountry "ESP"]
[SourceTitle "Ajedrez en Madrid"]
[Source "lmi"]
[SourceDate "2018.11.18"]
[SourceVersion "1"]
[SourceVersionDate "2019.04.02"]
[SourceQuality "1"]
[WhiteTeam "Alcorcon"]
[BlackTeam "Virgen de Atocha"]
[WhiteTeamCountry "ESP"]
[BlackTeamCountry "ESP"]

1. e4 c5 2. Nf3 d6 3. d4 cxd4 4. Nxd4 Nf6 5. Nc3 a6 6. f3 e5 7. Nb3 Be6 8. Be3
Be7 9. Qd2 O-O 10. O-O-O Nbd7 11. g4 b5 12. h4 Nb6 13. Qf2 Nc4 14. Bxc4 bxc4
15. Nd2 Rb8 16. h5 Qa5 17. Ndb1 d5 18. exd5 Nxd5 19. Nxd5 Bxd5 20. c3 Rb5 21.
a3 Rfb8 22. Rd2 Bxa3 23. Nxa3 Qxa3 24. Kb1 Ra5 25. Bb6 Qa1+ 26. Kc2 Qxh1 27.
Bxa5 Bxf3 28. Rd8+ Rxd8 29. Bxd8 Qd1# 0-1

[Event "Liga Madrileña - DH 2018-2019"]
[Site "Madrid ESP"]
[Date "2019.02.24"]
[Round "11.1"]
[White "Vazquez Igarza, Renier"]
[Black "Moreno Trujillo, Alejandro"]
[Result "1/2-1/2"]
[WhiteElo "2551"]
[BlackElo "2521"]
[PlyCount "95"]
[EventDate "2018.11.18"]
[EventType "team-tourn"]
[EventRounds "14"]
[EventCountry "ESP"]
[SourceTitle "Ajedrez en Madrid"]
[Source "lmi"]
[SourceDate "2018.11.18"]
[SourceVersion "1"]
[SourceVersionDate "2019.04.02"]
[SourceQuality "1"]
[WhiteTeam "Collado Villalba"]
[BlackTeam "64 Villalba"]
[WhiteTeamCountry "ESP"]
[BlackTeamCountry "ESP"]

1. d4 Nf6 2. c4 e6 3. Nf3 d5 4. g3 dxc4 5. Bg2 Bd7 6. Ne5 Bc6 7. Nxc6 Nxc6 8.
O-O Qd7 9. e3 Rd8 10. Nc3 Na5 11. Qe2 Bb4 12. Rd1 a6 13. e4 h6 14. Be3 b5 15.
f4 O-O 16. h3 Qc8 17. e5 Nd5 18. Nxd5 exd5 19. Qh5 f5 20. Qg6 c6 21. g4 Rde8
22. a4 Qe6 23. Qxe6+ Rxe6 24. axb5 axb5 25. gxf5 Rxf5 26. h4 Rf8 27. Bh3 Re7
28. Kh2 Kh7 29. f5 Ref7 30. f6 gxf6 31. Bf5+ Kh8 32. e6 Rb7 33. Bxh6 Rg8 34.
Rg1 Rbb8 35. Bf4 Rxg1 36. Rxg1 Rg8 37. Rg6 Rxg6 38. Bxg6 Nb3 39. Be3 Bd6+ 40.
Kg2 c5 41. dxc5 Nxc5 42. Bf5 b4 43. Kf3 b3 44. Bd4 Be7 45. h5 Kg7 46. Be3 Nb7
47. h6+ Kh8 48. Bg6 1/2-1/2

[Event "Liga Madrileña - DH 2018-2019"]
[Site "Madrid ESP"]
[Date "2019.02.24"]
[Round "11.2"]
[White "Pulvett Marin, Daniel Eduardo"]
[Black "Gascon del Nogal, Jose Rafael"]
[Result "1/2-1/2"]
[WhiteElo "2464"]
[BlackElo "2457"]
[PlyCount "35"]
[EventDate "2018.11.18"]
[EventType "team-tourn"]
[EventRounds "14"]
[EventCountry "ESP"]
[SourceTitle "Ajedrez en Madrid"]
[Source "lmi"]
[SourceDate "2018.11.18"]
[SourceVersion "1"]
[SourceVersionDate "2019.04.02"]
[SourceQuality "1"]
[WhiteTeam "64 Villalba"]
[BlackTeam "Collado Villalba"]
[WhiteTeamCountry "ESP"]
[BlackTeamCountry "ESP"]

1. d4 Nf6 2. c4 e6 3. Nc3 Bb4 4. g3 O-O 5. Bg2 Nc6 6. Nf3 Bxc3+ 7. bxc3 Na5 8.
Nd2 d5 9. O-O b6 10. cxd5 exd5 11. c4 c6 12. Ba3 Re8 13. Bb4 Nxc4 14. Nxc4 dxc4
15. Bxc6 Bd7 16. Bxa8 Qxa8 17. f3 Nd5 18. Bd2 1/2-1/2

[Event "Liga Madrileña - DH 2018-2019"]
[Site "Madrid ESP"]
[Date "2019.02.24"]
[Round "11.3"]
[White "Moreno Ruiz, Javier"]
[Black "Soham, Das"]
[Result "1-0"]
[WhiteElo "2461"]
[BlackElo "2389"]
[PlyCount "89"]
[EventDate "2018.11.18"]
[EventType "team-tourn"]
[EventRounds "14"]
[EventCountry "ESP"]
[SourceTitle "Ajedrez en Madrid"]
[Source "lmi"]
[SourceDate "2018.11.18"]
[SourceVersion "1"]
[SourceVersionDate "2019.04.02"]
[SourceQuality "1"]
[WhiteTeam "Collado Villalba"]
[BlackTeam "64 Villalba"]
[WhiteTeamCountry "ESP"]
[BlackTeamCountry "ESP"]

1. d4 f5 2. Nc3 Nf6 3. Bg5 d5 4. Bxf6 exf6 5. e3 Be6 6. Qf3 Qd7 7. Nge2 Nc6 8.
Nf4 O-O-O 9. Bb5 g6 10. O-O-O Bf7 11. Nd3 a6 12. Ba4 b5 13. Bb3 Na5 14. g4 Be6
15. gxf5 Nxb3+ 16. axb3 Bxf5 17. Nc5 Bxc5 18. dxc5 c6 19. Qf4 Qa7 20. Qd4 a5
21. Kd2 Rhe8 22. Ra1 Qc7 23. Kc1 Re6 24. b4 Be4 25. f3 Bxf3 26. Rf1 Be4 27.
Rxa5 f5 28. Rf2 Kb7 29. Ne2 Ree8 30. Qc3 Ra8 31. Nd4 Rxa5 32. bxa5 Ra8 33. b4
Re8 34. Kb2 Ka6 35. Qd2 Qd7 36. Rf1 g5 37. Qf2 h5 38. Qg3 Rg8 39. Qe5 Rf8 40.
Ne6 Rg8 41. Qd6 Qc8 42. Nc7+ Kb7 43. a6+ Kb8 44. Nxb5+ Ka8 45. Nc7+ 1-0